Literary Agents

Salvato in:
Dettagli Bibliografici
Autore principale: Mayer, Debby
Natura: Libro
Lingua:inglese
Tags: Aggiungi Tag
Nessun Tag, puoi essere il primo ad aggiungerne!!

MARC

LEADER 00000nam a2200000 4500
005 20240731182632.0
008 240731b |||||||| |||| 00| 0 eng d
040 |c GP 
100 |a Mayer, Debby 
245 |a Literary Agents 
942 |2 ddc  |c BK  |n 0 
952 |0 0  |1 0  |2 ddc  |4 0  |6 810_000000000000000_MAY  |7 1  |9 1731  |a RM  |b RM  |d 2024-07-31  |l 0  |o 810 MAY  |p 514  |r 2024-07-31 18:26:50  |w 2024-07-31  |y BK 
999 |c 1547  |d 1547